Statistics for Season 8 named locations

Click here to take the quiz!

General Stats

  • This quiz has been taken 5 times
  • The average score is 17 of 20

Answer Stats

HintAnswer% Correct
ddusty divot
100%
ffatal fields
100%
hhaunted hills
100%
jjunk junction
100%
llazy lagoon
100%
lloot lake
100%
llucky landing
100%
pPleasant park
100%
rretail row
100%
ssalty springs
100%
ssnobby shores
100%
ttilted towers
100%
hhappy hamlet
67%
llonely lodge
67%
pparadise palms
67%
ppolar peak
67%
sshifty shafts
67%
ssunny steps
67%
ffrosty flights
33%
tthe block
33%

Score Distribution

Percentile by Number Answered

Percent of People with Each Score

Your Score History

You have not taken this quiz